000
00337nam a2200145Ia 4500
008
150201s2004 xx 000 0 und d
082
_a
617.632
_b
P2004E
100
_a
ELEY,B.M.
245
_a
PERIODONTICS
250
_a
5TH
260
_b
WRIGHT PUBLICATION
_a
OXFORD
_c
2004
300
_a
1-397
650
_a
PERIODONTICS
942
_2
ddc
_c
BK
999
_c
3470
_d
3470